| 000 | 00677nam a2200229 a 4500 | ||
|---|---|---|---|
| 005 | 20240228063606.0 | ||
| 008 | 991125s1975 fr 000 0 fre u | ||
| 020 | _a2203104341 | ||
| 035 | _aUPN01000034091 | ||
| 049 | _aI | ||
| 050 | 4 |
_aPZ26.3 _bE7.3 |
|
| 100 | 1 | _aErville, Lucienne | |
| 245 | 1 | 0 |
_aLechat follet surla patinoire / _cLucienne Erville, Marcel Marlier. |
| 260 |
_aBelgique : _bCasterman, _c1975. |
||
| 300 |
_a21 p. : _bil. col. |
||
| 440 | 0 | _aFarandole | |
| 650 | 0 |
_aAnimales _vCuentos y leyendas _9234 |
|
| 650 | 4 |
_aLiteratura infantil francesa _913687 |
|
| 700 | 1 |
_aMarlier, Marcel, _d1930-2011 _ecoaut. _929135 |
|
| 905 | _aInfantil | ||
| 999 |
_c34091 _d34091 |
||